000 00646nam a2200241Ia 4500
003 OSt
005 20220924114600.0
006 a|||||r|||| 00| 0
007 ta
008 220923b |||||||| |||| 00| 0 urd d
024 _a310626
037 _cTextual
040 _aARTS
_cARTS
_burd
041 _2urd
_aurd
082 _aO168:gxNMA5, M7
100 _aHarganv Manazir Ashique
_9174366
245 0 _aNaguzeer
260 _aBhagalpur
_bKohsar India
_c1987
300 _a144p.
_ccm.
650 _aURDU LITERATURE
942 _hO168:gxNMA5, M7
_cTEXL
_2CC
999 _c394303
_d394303